000 00758nam a2200205Ia 4500
005 20241129111302.0
008 241129s9999||||xx |||||||||||||| ||und||
037 _aTB
040 _aCRL
_bpun
_cCRL
041 _apun
_2pun
084 _aV2:51y7N07 153P7
_qCRL
100 _aਆਜ਼ਾਦ, ਐਮ ਐਮ, ਚ।
245 0 _aਸ਼ਹੀਦ ਭਗਤ ਸਿੰਘ L ਜੀਵਨ ਤੇ ਕ੍ਰਾਂਤੀਕਾਰੀ ਮਾਰਗ
_cਆਗ਼ਾਦ, ਐਮ ਐਮ, ਚ।
260 _aਦਿੱਲੀ, ਭਾਰਤ
_bਮਨਪ੍ਰੀਤ ਪ੍ਰਕਾਸ਼ਨ
_c2007
300 _a208ਪ੍ਰ0
365 _aINR
_b250
650 _aIndian HistoryFreedom Struggle
942 _cTB
_hV2:51y7N07 153P7
999 _c1229748
_d1229748